Регионална библиотека "Любен Каравелов" - Русе

Когато си до мен (Запис номер 88483)

MARC детайли
000 -Лидер
Контролно поле с фиксирана дължина 01459nam a2200373 c 4500
003 - Код на организацията, давaща контролен номер
Контролно поле BLK
005 - Дата и час на последна редакция
Контролно поле 20240817110616.0
008 - Елементи от данни с фиксирана дължина
fixed length control field 180408b bul|||||r ||||||| ||bul||
010 ## - Наследен системен номер
LC control number KNG00093151000
020 ## - Международен стандартен номер на книга ISBN
Международен стандартен номер на книга ISBN 978-954-409-319-8
-- издат.: Плеяда
040 ## - Източник на каталожния запис
Идентификатор на билиотеката - собственик на записа BLK
041 ## - Код за език
Код за езика на текст/звукозапис или на отделно заглавие Български
Код за езика КДБФ Български
072 #7 - Код за тематичната категория
Код организация bullib
Код за тематична категория Н8300
Текст Романтична проза Н
080 ## - УДК
Текстов определител УДК Американска литература (на САЩ)
УДК код - определител по УДК 821.111(73)
УДК определител -31
УДК - код + определител 821.111(73)-31
100 1# - Редна дума - Автор
Автор Тейлър, Джанел
Авторска отговорност първи автор
R(LIN) 242187
139 ## - Редно поле
Редна дума Тейлър, Джанел
Авторски знак Те - Т 45
245 10 - Сведения за заглавието
Заглавие Когато си до мен
Подзаглавни данни Роман
Редно поле (дума) Джанел Тейлър; прев. от англ. Светлана Павлова.
257 ## - Страна на издаване
Страна на създаване/издаване Съединени американски щати
260 ## - Област на издателските данни
-- София
Име на издателя, разпространителя и проч. Плеяда
Година на издаване 2011
300 ## - Физическа характеристика
Страници 296 с.
Размери/Мащаб 20 см
380 ## - Жанр
Жанр Худож. лит.
490 1# - СЕРИИ (Колекции)
Име на серия Поредица Пеперуда : Съвременна романтична проза
500 ## - Общи забележки
Забележка Ориг. загл. Haunting Olivia / Janelle Taylor.
653 ## - Ключова дума – ненормативна
Ключова дума романтична проза
653 ## - Ключова дума – ненормативна
Ключова дума романи
659 ## - Тематичен бюлетин
Тематичен бюлетин Н
700 1# - Други автори (авторска отговорност)
Лично име Павлова, Светлана
Автороска отговорност (Описва отношението между автора и произведението) прев. от англ.
9 (RLIN) 370595
852 ## - Местоположение
Форматна сигнатура Цб 254714
856 4# - Електронен адрес и достъп
Електронен формат pdf - файл
Път до файла /url/
856 4# - Електронен адрес и достъп
Електронен формат pdf - файл
Път до файла /url/
942 ## - АРТИКУЛИ
Вид на библиотечния материал Книги
Скрит в OPAC Не
Koha issues (borrowed), all copies 68
944 ## - СЪЗДАВАНЕ И РЕДАКЦИЯ на ЗАПИСА
Създаване/Редакция Създаване
Дата на регистрацията/редакция 04.04.2012
Статус, дата на статуса Диана Гривева
Служител, извършил регистрацията/редакцията 30529
944 ## - СЪЗДАВАНЕ И РЕДАКЦИЯ на ЗАПИСА
Създаване/Редакция Редакция
Дата на регистрацията/редакция 26.06.2017
Статус, дата на статуса ф /
Служител, извършил регистрацията/редакцията Людмила_Стоянова
999 ## - СИСТЕМНИ КОНТРОЛНИ НОМЕРА
Koha biblionumber 88483
Koha biblioitemnumber 88483
Наличности
Код за отписване Код за изгубен артикул Източник на класификационната схема Код за повреда Коз за рестрикции Код за отдаване Артикулен № Име на библиотеката - собственик Име на библиотеката, в която се намира в момента Статус (Текущо местоположение) Дата на вписване в системата Местоположение - отдел Цена в лева Инвентарен номер Систематично азбучна сигнатура Баркод Номер на екземпляра Цена в евро Служебна бележка Служебен тип на артикула
  Не е изгубен Universal Decimal Classification Не е повреден без рестрикции заемане за дома 143503 Регионална библиотека "Любен Каравелов" Русе Регионална библиотека "Любен Каравелов" Русе Дубликат 2012-04-04 Заемна - подръчен фонд 12.00 120000756775 П 820(73)-31/Т 45 120000756775 1 6.14 Дост: DA Вид: А N: 6 Дата: 04.04.2012 Дата инв: 15.02.2018 Бележки инв: П2018 Книги
  Не е изгубен Universal Decimal Classification Не е повреден без рестрикции заемане за дома 143504 Регионална библиотека "Любен Каравелов" Русе Регионална библиотека "Любен Каравелов" Русе Дубликат 2013-02-07 Заемна - подръчен фонд 12.00 120000763722 П 820(73)-31/Т 45 120000763722 2 6.14 Дост: DA Вид: А N: 1 Дата: 07.02.2013 Дата инв: 15.02.2018 Бележки инв: П2018 Книги
  Не е изгубен   Не е повреден без рестрикции заемане за дома 143505 Регионална библиотека "Любен Каравелов" Русе Регионална библиотека "Любен Каравелов" Русе Заемна - подръчен фонд 2013-02-07 Заемна - подръчен фонд 12.00 120000763723 П 820(73)-31/Т 45 120000763723 3 6.14 Дост: DA Вид: А N: 1 Дата: 07.02.2013 Дата инв: 15.02.2018 Бележки инв: П2018 Книги
  Не е изгубен   Не е повреден без рестрикции ползва се в читалня 143506 Регионална библиотека "Любен Каравелов" Русе Регионална библиотека "Любен Каравелов" Русе Хранилище 2013-06-10 Хранилище 12.00 120000766901 Цб 254714 120000766901 4 6.14 Дост: Dp Вид: Д N: 6 Дата: 10.02.2012 Книги
  Не е изгубен   Не е повреден без рестрикции заемане за дома 143507 Регионална библиотека "Любен Каравелов" Русе Регионална библиотека "Любен Каравелов" Русе Заемна - подръчен фонд 2014-12-10 Заемна - подръчен фонд 3.00 120000783754 П 820(73)-31/Т 45 120000783754 5 1.53 Дост: Pk Вид: Ф N: 422 Дата: 10.12.2014 Дата инв: 15.02.2018 Бележки инв: П2018 Книги
  Не е изгубен   Не е повреден без рестрикции заемане за дома 143508 Регионална библиотека "Любен Каравелов" Русе Регионална библиотека "Любен Каравелов" Русе Заемна - подръчен фонд 2014-12-10 Заемна - подръчен фонд 3.00 120000783755 П 820(73)-31/Т 45 120000783755 6 1.53 Дост: Pk Вид: Ф N: 422 Дата: 10.12.2014 Дата инв: 15.02.2018 Бележки инв: П2018 Книги
  Не е изгубен Universal Decimal Classification Не е повреден без рестрикции заемане за дома 143509 Регионална библиотека "Любен Каравелов" Русе Регионална библиотека "Любен Каравелов" Русе Дубликат 2017-05-26 Заемна - подръчен фонд 5.00 120000811567 П 820(73)-31/Т 45 120000811567 7 2.56 Дост: Pk Вид: Ф N: 490 Дата: 26.05.2017 Дата инв: 15.02.2018 Бележки инв: П2018 Книги
  Не е изгубен Universal Decimal Classification Не е повреден   заемане за дома 687804 Регионална библиотека "Любен Каравелов" Русе Регионална библиотека "Любен Каравелов" Русе Заемна - подръчен фонд 2018-12-27 Заемна - подръчен фонд 5.00   П 820(73)-31/Т 45 120000828888   2.56   Книги
Vip Innovations Ltd, Rousse, Bulgaria 2025